| 000 | 00649nam a22002175i 4500 | ||
|---|---|---|---|
| 001 | 175842 | ||
| 003 | ES-MaACL | ||
| 005 | 20231212062539.0 | ||
| 008 | 101124s1989 sp a |||| | spa d | ||
| 020 | _a84-7863-002-3 | ||
| 080 | _a316.485.26 | ||
| 100 | 1 |
_aCaro Baroja, Julio, _d1914-1995 _935403 |
|
| 245 | 1 | 3 |
_aTerror y terrorismo / _cJulio Caro Baroja. |
| 250 | _a1ª ed. | ||
| 260 |
_aEspluges de Llobregat (Barcelona) : _bActualidad y Libros, _c1989. |
||
| 300 |
_a192 p. : _bil. bl. y n. ; _c23 cm. |
||
| 504 | _aBibliografía: p. 173-192. | ||
| 650 | 0 | 4 |
_aViolencia. _917812 |
| 852 |
_aES-MaACL _jE-13667 |
||
| 999 |
_c175842 _d175842 |
||